|
|
|
|
| LEADER |
00000nbm0a2200000 4500 |
| 001 |
157180 |
| 005 |
20231031153534.0 |
| 029 |
0 |
0 |
|a SU
|b 01827023274
|f ТПУ
|
| 035 |
|
|
|a (RuTPU)RU\TPU\book\170477
|
| 090 |
|
|
|a 157180
|
| 100 |
|
|
|a 20090404d1984 k y0rusy50 ca
|
| 101 |
0 |
|
|a rus
|
| 102 |
|
|
|a RU
|
| 105 |
|
|
|a a p 001zy
|
| 200 |
1 |
|
|a Исследование состава и свойств некоторых нефтей Западной Сибири в зависимости от глубины залегания и геологического возраста
|a Исследование изменения состава смолисто-асфальтеновых веществ нефтей Томской области в зависимости от геологического возраста
|e Промежуточный отчет о НИР
|e Тема: 06.04
|e Проблема 2.67.51
|f Томский политехнический институт (ТПИ) ; руководитель Н. М. Смольянинова ; Г. Б. Немировская
|
| 210 |
|
|
|a Томск
|d 1984
|
| 215 |
|
|
|a 101 л.
|
| 320 |
|
|
|a Библиогр.: с. 95-101.
|
| 610 |
1 |
|
|a отчеты о НИР
|
| 610 |
1 |
|
|a нефть
|
| 610 |
1 |
|
|a смолисто-асфальтеновые вещества
|
| 610 |
1 |
|
|a Томская область
|
| 610 |
1 |
|
|a ИК-спектры
|
| 610 |
1 |
|
|a спектры ЭПР
|
| 610 |
1 |
|
|a элементный состав
|
| 610 |
1 |
|
|a дериватографические исследования
|
| 610 |
1 |
|
|a кинетические параметры
|
| 675 |
|
|
|a 665.637(04)
|v 3
|
| 702 |
|
1 |
|a Смольянинова
|b Н. М.
|4 673
|
| 702 |
|
1 |
|a Немировская
|b Г. Б.
|4 677
|
| 712 |
0 |
2 |
|a Томский политехнический институт (ТПИ)
|c (1944-1991)
|2 stltpush
|3 (RuTPU)RU\TPU\col\1123
|4 595
|
| 801 |
|
1 |
|a RU
|b 63413507
|c 20090404
|g PSBO
|
| 942 |
|
|
|c BK
|